Indovina il Logo disegnato male - Statistics

Statistiche generali
  • Questo quiz è stato fatto 419 volte
  • Il punteggio medio è 11 su 12
Statistiche sulle risposte
con Immagini Risposta % Corretto
Disney
99%
Nike
99%
Spotify
99%
McDonald
98%
PlayStation
92%
Chrome
91%
MasterCard
90%
Android
89%
Chanel
87%
NBA
85%
Windows
84%
Carrefour
83%
Nessun quiz corrispondente trovato
Distribuzione punteggi
Percentuale di utenti per punteggio
Percentile per numero di risposta
I tuoi punteggi nel tempo
Non hai fatto questo quiz